000 00891nam a2200289 i 4500
003 EG-GICUC
005 20260324081244.0
008 260324s1954 -us||||| |||| 001 0 eng d
040 0 _aEG-GiCUC
_beng
_cEG-GiCUC
_dEG-GiCUC
_erda
041 0 _aeng
082 0 4 _221
_a341.23
_bNU . C
092 0 4 _221
099 _aLaw1 11 341.23 NU . C 1954 1106612
100 1 _aNussbaum, Arthur
_eAuthor.
245 1 2 _aA Concise History Of The Law Of Nations /
_cBy Arthur Nussbaum.
250 _aRevised Edition
264 1 _aNew York :
_bThe Macmillan Company,
_c1954.
300 _a376 pages,
_c24 cm
336 _2rda content
_atext
337 _2rda media
_aComputer
338 _2rda carrier
_aOnline Resource
546 _aText in English
650 1 4 _aPublic international law
856 4 0 _uhttps://fll.law.cu.edu.eg/fulltext/bks/B11-06612.pdf
905 _a48
942 _2ddc
_cBK
_e21
_n0
999 _c66569
_d66569